000 00421nam a2200133 i 4500
001 bg
245 0 _aBodźce wdrażania postępu techniczo-organizacyjnego i warunki ich skuteczności w przedsiębiorstwie :
_bpraca zbiorowa /
_cpod red. nauk. Jana Mujżela.
260 _aWarszawa,
_c1977.
700 1 _aMujżel, Jan.
_eRed.
040 _cBPK
041 _apol
942 _cKS
008 s pl f |000 0 pol
999 _c17592
_d17592
856 _uhttp://koha.tu.koszalin.pl/cgi-bin/koha/opac-detail.pl?biblionumber=17592
_yKatalog online BPK